Beszámoló jelentés a József Attila Tudományegyetem Központi Könyvtára 1969. évi működéséről
Elmentve itt :
| Dokumentumtípus: | Könyv |
|---|---|
| Megjelent: |
1969
|
| Sorozat: | [Egyetemi könyvtári beszámolók]
|
| Online Access: | http://univ.bibl.u-szeged.hu/18744 |
| LEADER | 00554nam a2200145 i 4500 | ||
|---|---|---|---|
| 001 | univ18744 | ||
| 005 | 20201005111147.0 | ||
| 008 | 170615s1969 hu o 0|| zxx d | ||
| 040 | |a SZTE UnivHistória Repozitórium |b hun | ||
| 041 | |a zxx | ||
| 245 | 0 | 0 | |a Beszámoló jelentés a József Attila Tudományegyetem Központi Könyvtára 1969. évi működéséről |h [elektronikus dokumentum] |
| 260 | |c 1969 | ||
| 490 | 0 | |a [Egyetemi könyvtári beszámolók] | |
| 561 | |a Egyetemi könyvtár | ||
| 856 | 4 | 0 | |u http://univ.bibl.u-szeged.hu/18744/1/ek_besz_1969.pdf |z Dokumentum-elérés |